000 00459nam a2200181Ia 4500
005 20240823042632.0
008 240823s9999||||xx |||||||||||||| ||und||
020 _a8188429775
041 _aENGLISH
082 _A621.3815 P5
100 _aPalanisamy P K
245 0 _aElectronic Devices and Circuits
250 _a1st
260 _c2005
_b"Scitech Publications,Ch"
500 _aTRANSFERED
650 _aElectronic Devices
_bElectronics
942 _cBK
999 _c208339
_d208339